| 000 | 00438nam a2200181Ia 4500 | ||
|---|---|---|---|
| 003 | GCL | ||
| 008 | 140319s9999 xx 000 0 eng d | ||
| 040 |
_aGCL / _cGCL |
||
| 082 | 0 | 4 |
_a721 _bA T |
| 100 | 1 | _aACADEMY GROUP | |
| 245 | 1 | 0 |
_aTENSILE STRUCTURES / _cACADEMY GROUP |
| 260 |
_a[S.N] : _bACADEMY GROUP ، _c1995 |
||
| 300 | _a96 P | ||
| 650 | 0 | 4 | _aART |
| 650 | 0 | 4 | _aSTRUCTURE |
| 650 | 0 | 4 | _aTENSILE ARCHITECTURE |
| 942 |
_2ddc _cBK |
||
| 999 |
_c15749 _d15749 |
||